Simulace logistických toků a zásobování materiálem

Využitie diskrétnej simulácie v oblasti simulácie logistických tokov a v zásobovaní materiálom. Možnosti diskrétnej simulácie a z toho vyplývajúce prínosy v tejto oblasti.

Na minha lista:
Detalhes bibliográficos
Autor principal: Ulrych, Zdeněk
Outros Autores: Miller, Antonín
Formato: Capítulo de Livro
Idioma:tcheco
Assuntos:
Tags: Adicionar Tag
Sem tags, seja o primeiro a adicionar uma tag!

MARC

LEADER 00000naa a2200000 4500
001 0185849
005 20231208113937.2
041 0 |a cze 
044 |a SK 
245 1 0 |a Simulace logistických toků a zásobování materiálem  |c Zdeněk Ulrych, Antonín Miller 
520 |a Využitie diskrétnej simulácie v oblasti simulácie logistických tokov a v zásobovaní materiálom. Možnosti diskrétnej simulácie a z toho vyplývajúce prínosy v tejto oblasti. 
610 2 0 |a logistika 
610 2 0 |a manipulácia s materiálom 
610 2 0 |a systémy informačné logistické 
610 2 0 |a procesy pomocné a obslužné 
610 2 0 |a simulácia 
100 1 |a Ulrych, Zdeněk 
700 1 |a Miller, Antonín